<?xml version="1.0" encoding="UTF-8"?>
<record
    xmlns:xsi="http://www.w3.org/2001/XMLSchema-instance"
    xsi:schemaLocation="http://www.loc.gov/MARC21/slim http://www.loc.gov/standards/marcxml/schema/MARC21slim.xsd"
    xmlns="http://www.loc.gov/MARC21/slim">

  <leader>05008namaa22004211i 4500</leader>
  <controlfield tag="003">EG-GICUC</controlfield>
  <controlfield tag="005">20260310121825.0</controlfield>
  <controlfield tag="008">260228s2023    ua a|||frm||| 000 0 eng d</controlfield>
  <datafield tag="040" ind1=" " ind2=" ">
    <subfield code="a">EG-GICUC</subfield>
    <subfield code="b">eng</subfield>
    <subfield code="c">EG-GICUC</subfield>
    <subfield code="d">EG-GICUC</subfield>
    <subfield code="e">rda</subfield>
  </datafield>
  <datafield tag="041" ind1="0" ind2=" ">
    <subfield code="a">eng</subfield>
    <subfield code="b">eng</subfield>
    <subfield code="b">ara</subfield>
  </datafield>
  <datafield tag="049" ind1=" " ind2=" ">
    <subfield code="a">Deposit</subfield>
  </datafield>
  <datafield tag="082" ind1="0" ind2="4">
    <subfield code="a">330</subfield>
  </datafield>
  <datafield tag="092" ind1=" " ind2=" ">
    <subfield code="a">330</subfield>
    <subfield code="2">21</subfield>
  </datafield>
  <datafield tag="097" ind1=" " ind2=" ">
    <subfield code="a">M.Sc</subfield>
  </datafield>
  <datafield tag="099" ind1=" " ind2=" ">
    <subfield code="a">Cai01.03.02.M.Sc.2023.Ma.I</subfield>
  </datafield>
  <datafield tag="100" ind1="0" ind2=" ">
    <subfield code="a">Mai Nabil AlSebay Shalaby,</subfield>
    <subfield code="e">preparation.</subfield>
  </datafield>
  <datafield tag="245" ind1="1" ind2="4">
    <subfield code="a">The impact of innovation in Information and Communication  Technologies (ICT) on the Egyptian Economy compared with  selected EU countries, with reference to E-commerce /</subfield>
    <subfield code="c">by Mai Nabil AlSebay Shalaby ; Supervisor Prof. Dr. Adla Ragab.</subfield>
  </datafield>
  <datafield tag="246" ind1="1" ind2="5">
    <subfield code="a">&#x623;&#x62B;&#x631; &#x627;&#x644;&#x627;&#x628;&#x62A;&#x643;&#x627;&#x631;&#x627;&#x62A; &#x627;&#x644;&#x62A;&#x643;&#x646;&#x648;&#x644;&#x648;&#x62C;&#x64A;&#x629; &#x639;&#x644;&#x649; &#x627;&#x644;&#x627;&#x642;&#x62A;&#x635;&#x627;&#x62F; &#x627;&#x644;&#x645;&#x635;&#x631;&#x64A; &#x645;&#x642;&#x627;&#x631;&#x646;&#x629; &#x628;&#x62F;&#x648;&#x644; &#x645;&#x62E;&#x62A;&#x627;&#x631;&#x629; &#x645;&#x646; &#x627;&#x644;&#x627;&#x62A;&#x62D;&#x627;&#x62F; &#x627;&#x644;&#x623;&#x648;&#x631;&#x648;&#x628;&#x64A;- &#x645;&#x639; &#x627;&#x644;&#x625;&#x634;&#x627;&#x631;&#x629; &#x625;&#x644;&#x649; &#x627;&#x644;&#x62A;&#x62C;&#x627;&#x631;&#x629; &#x627;&#x644;&#x625;&#x644;&#x643;&#x62A;&#x631;&#x648;&#x646;&#x64A;&#x629;</subfield>
  </datafield>
  <datafield tag="264" ind1=" " ind2="0">
    <subfield code="c">2023.</subfield>
  </datafield>
  <datafield tag="300" ind1=" " ind2=" ">
    <subfield code="a">148 pages :</subfield>
    <subfield code="b">illustrations ;</subfield>
    <subfield code="c">25 cm. + </subfield>
    <subfield code="e">CD.</subfield>
  </datafield>
  <datafield tag="336" ind1=" " ind2=" ">
    <subfield code="a">text</subfield>
    <subfield code="2">rda content</subfield>
  </datafield>
  <datafield tag="337" ind1=" " ind2=" ">
    <subfield code="a">Unmediated</subfield>
    <subfield code="2">rdamedia</subfield>
  </datafield>
  <datafield tag="338" ind1=" " ind2=" ">
    <subfield code="a">volume</subfield>
    <subfield code="2">rdacarrier</subfield>
  </datafield>
  <datafield tag="502" ind1=" " ind2=" ">
    <subfield code="a">Thesis (M.Sc)-Cairo University, 2025.</subfield>
  </datafield>
  <datafield tag="504" ind1=" " ind2=" ">
    <subfield code="a">Bibliography: pages 118-136. </subfield>
  </datafield>
  <datafield tag="520" ind1=" " ind2="3">
    <subfield code="a">The ICT innovations stand as the backbone for many sectors and businesses, which has resulted in the diffusion of new applications and business models. The European Union explores the benefits of ICT innovation, works on maximizing/optimizing the potential, and tries to overcome any obstacle that undermines the impact of these innovations on the economy.
Therefore, the study examines the relation between the ICT innovations (the e-commerce as an application) and the economic growth and development in Egypt, by tapping into the EU experience as a benchmark. On the other hand, determining the ability of the Egyptian Economy to join the &#x201C;Digital Economy&#x201D;, to play a role in pushing and enabling other changes in different sectors, to make them more innovative and economically effective.</subfield>
  </datafield>
  <datafield tag="520" ind1=" " ind2="3">
    <subfield code="a">&#x62A;&#x639;&#x62A;&#x628;&#x631; &#x627;&#x644;&#x627;&#x628;&#x62A;&#x643;&#x627;&#x631; &#x641;&#x64A; &#x645;&#x62C;&#x627;&#x644; &#x62A;&#x643;&#x646;&#x648;&#x644;&#x648;&#x62C;&#x64A;&#x627; &#x627;&#x644;&#x645;&#x639;&#x644;&#x648;&#x645;&#x627;&#x62A; &#x648;&#x627;&#x644;&#x627;&#x62A;&#x635;&#x627;&#x644;&#x627;&#x62A; &#x627;&#x644;&#x645;&#x635;&#x62F;&#x631; &#x627;&#x644;&#x645;&#x63A;&#x630;&#x64A; &#x644;&#x644;&#x627;&#x628;&#x62A;&#x643;&#x627;&#x631; &#x641;&#x64A; &#x62C;&#x645;&#x64A;&#x639; &#x627;&#x644;&#x642;&#x637;&#x627;&#x639;&#x627;&#x62A; &#x627;&#x644;&#x627;&#x642;&#x62A;&#x635;&#x627;&#x62F;&#x64A;&#x629;&#x60C; &#x648;&#x628;&#x627;&#x644;&#x62A;&#x627;&#x644;&#x64A; &#x641;&#x647;&#x64A; &#x62A;&#x639;&#x62A;&#x628;&#x631; &#x627;&#x644;&#x645;&#x62D;&#x631;&#x643; &#x627;&#x644;&#x623;&#x633;&#x627;&#x633;&#x64A;  &#x644;&#x644;&#x646;&#x645;&#x648; &#x627;&#x644;&#x627;&#x642;&#x62A;&#x635;&#x627;&#x62F;&#x64A; &#x648;&#x627;&#x644;&#x62A;&#x646;&#x645;&#x64A;&#x629; &#x627;&#x644;&#x627;&#x642;&#x62A;&#x635;&#x627;&#x62F;&#x64A;&#x629;. &#x641;&#x64A; &#x647;&#x630;&#x627; &#x627;&#x644;&#x625;&#x637;&#x627;&#x631;&#x61B; &#x62A;&#x634;&#x64A;&#x631; &#x627;&#x644;&#x62F;&#x631;&#x627;&#x633;&#x627;&#x62A; &#x627;&#x644;&#x627;&#x642;&#x62A;&#x635;&#x627;&#x62F;&#x64A;&#x629;  &#x625;&#x644;&#x649; &#x62A;&#x641;&#x648;&#x642;  &#x627;&#x644;&#x627;&#x62A;&#x62D;&#x627;&#x62F; &#x627;&#x644;&#x623;&#x648;&#x631;&#x648;&#x628;&#x64A; &#x641;&#x64A; &#x645;&#x62C;&#x627;&#x644; &#x627;&#x644;&#x627;&#x633;&#x62A;&#x641;&#x627;&#x62F;&#x629; &#x645;&#x646; &#x627;&#x644;&#x641;&#x631;&#x635; &#x648;&#x627;&#x644;&#x639;&#x648;&#x627;&#x626;&#x62F; &#x627;&#x644;&#x646;&#x627;&#x62C;&#x645;&#x629; &#x639;&#x646;  &#x62A;&#x644;&#x643; &#x627;&#x644;&#x627;&#x628;&#x62A;&#x643;&#x627;&#x631;&#x627;&#x62A;. &#x648; &#x628;&#x646;&#x627;&#x621; &#x639;&#x644;&#x649; &#x645;&#x627;&#x633;&#x628;&#x642; &#x60C; &#x623;&#x635;&#x628;&#x62D; &#x627;&#x644;&#x627;&#x62A;&#x62D;&#x627;&#x62F; &#x627;&#x644;&#x623;&#x648;&#x631;&#x648;&#x628;&#x64A; &#x646;&#x645;&#x648;&#x630;&#x62C; &#x645;&#x62D;&#x648;&#x631;&#x64A; &#x648; &#x623;&#x62F;&#x627;&#x621; &#x644;&#x642;&#x64A;&#x627;&#x633; &#x623;&#x62F;&#x627;&#x621; &#x648;&#x62A;&#x637;&#x648;&#x631; &#x627;&#x644;&#x627;&#x642;&#x62A;&#x635;&#x627;&#x62F;&#x64A;&#x627;&#x62A; &#x627;&#x644;&#x646;&#x627;&#x634;&#x626;&#x629; &#x60C; &#x648;&#x645;&#x646;&#x647;&#x627;  &#x627;&#x644;&#x627;&#x642;&#x62A;&#x635;&#x627;&#x62F;  &#x627;&#x644;&#x645;&#x635;&#x631;&#x64A;&#x62A;&#x647;&#x62F;&#x641;  &#x627;&#x644;&#x62F;&#x631;&#x627;&#x633;&#x629; &#x625;&#x644;&#x649; &#x62A;&#x62D;&#x644;&#x64A;&#x644; &#x62F;&#x648;&#x631; &#x648;&#x623;&#x647;&#x645;&#x64A;&#x629;  &#x627;&#x644;&#x627;&#x628;&#x62A;&#x643;&#x627;&#x631; &#x641;&#x64A; &#x645;&#x62C;&#x627;&#x644;  &#x62A;&#x643;&#x646;&#x648;&#x644;&#x648;&#x62C;&#x64A;&#x627; &#x627;&#x644;&#x645;&#x639;&#x644;&#x648;&#x645;&#x627;&#x62A; &#x648;&#x627;&#x644;&#x627;&#x62A;&#x635;&#x627;&#x644;&#x627;&#x62A; (&#x648; &#x62A;&#x639;&#x62A;&#x628;&#x631;&#x627;&#x644;&#x62A;&#x62C;&#x627;&#x631;&#x629; &#x627;&#x644;&#x625;&#x644;&#x643;&#x62A;&#x631;&#x648;&#x646;&#x64A;&#x629; &#x645;&#x62B;&#x627;&#x644; &#x644;&#x644;&#x62A;&#x637;&#x628;&#x64A;&#x642;&#x627;&#x62A; &#x633;&#x627;&#x628;&#x642;&#x629; &#x627;&#x644;&#x630;&#x643;&#x631;) &#x641;&#x64A; &#x627;&#x644;&#x646;&#x645;&#x648; &#x648;&#x627;&#x644;&#x62A;&#x646;&#x645;&#x64A;&#x629; &#x627;&#x644;&#x627;&#x642;&#x62A;&#x635;&#x627;&#x62F;&#x64A;&#x629; &#x641;&#x64A; &#x645;&#x635;&#x631;&#x60C; &#x648;&#x630;&#x644;&#x643; &#x628;&#x627;&#x644;&#x642;&#x64A;&#x627;&#x633; &#x648; &#x627;&#x644;&#x645;&#x642;&#x627;&#x631;&#x646;&#x629; &#x628;&#x62A;&#x62C;&#x631;&#x628;&#x629; &#x627;&#x644;&#x627;&#x62A;&#x62D;&#x627;&#x62F; &#x627;&#x644;&#x623;&#x648;&#x631;&#x648;&#x628;&#x64A;&#x60C; &#x648; &#x630;&#x644;&#x643; &#x644;&#x644;&#x648;&#x642;&#x648;&#x641; &#x639;&#x644;&#x649; &#x627;&#x644;&#x641;&#x62C;&#x648;&#x629; &#x628;&#x64A;&#x646; &#x627;&#x644;&#x62A;&#x62C;&#x631;&#x628;&#x62A;&#x64A;&#x646;. &#x643;&#x645;&#x627; &#x62A;&#x62A;&#x646;&#x627;&#x648;&#x644; &#x627;&#x644;&#x62F;&#x631;&#x627;&#x633;&#x629; &#x627;&#x644;&#x639;&#x648;&#x627;&#x645;&#x644; &#x627;&#x644;&#x62A;&#x64A; &#x642;&#x62F; &#x62A;&#x642;&#x64A;&#x62F; &#x627;&#x644;&#x627;&#x633;&#x62A;&#x641;&#x627;&#x62F;&#x629; &#x627;&#x644;&#x627;&#x642;&#x62A;&#x635;&#x627;&#x62F;&#x64A;&#x629; &#x645;&#x646; &#x62A;&#x644;&#x643; &#x627;&#x644;&#x627;&#x628;&#x62A;&#x643;&#x627;&#x631;&#x627;&#x62A;&#x60C; &#x648;&#x630;&#x644;&#x643; &#x628;&#x647;&#x62F;&#x641; &#x627;&#x633;&#x62A;&#x62E;&#x644;&#x627;&#x635; &#x627;&#x644;&#x62F;&#x631;&#x648;&#x633; &#x627;&#x644;&#x645;&#x633;&#x62A;&#x641;&#x627;&#x62F;&#x629;.
&#x648; &#x628;&#x646;&#x627;&#x621; &#x639;&#x644;&#x64A;&#x647;&#x60C; &#x62A;&#x62A;&#x645;&#x62B;&#x644; &#x623;&#x647;&#x645;&#x64A;&#x629; &#x627;&#x644;&#x62F;&#x631;&#x627;&#x633;&#x629; &#x641;&#x64A; &#x62A;&#x62D;&#x644;&#x64A;&#x644; &#x642;&#x62F;&#x631;&#x629; &#x627;&#x644;&#x627;&#x642;&#x62A;&#x635;&#x627;&#x62F; &#x627;&#x644;&#x645;&#x635;&#x631;&#x64A; &#x639;&#x644;&#x649; &#x62A;&#x62D;&#x648;&#x64A;&#x644; &#x645;&#x62E;&#x62A;&#x644;&#x641; &#x627;&#x644;&#x642;&#x637;&#x627;&#x639;&#x627;&#x62A; &#x627;&#x644;&#x627;&#x642;&#x62A;&#x635;&#x627;&#x62F;&#x64A;&#x629; &#x625;&#x644;&#x649; &#x642;&#x637;&#x627;&#x639;&#x627;&#x62A; &#x631;&#x642;&#x645;&#x64A;&#x629;&#x60C; &#x645;&#x628;&#x62A;&#x643;&#x631;&#x629; &#x60C; &#x648;&#x641;&#x627;&#x639;&#x644;&#x629;  &#x627;&#x642;&#x62A;&#x635;&#x627;&#x62F;&#x64A;&#x64B;&#x627;&#x61B; &#x628;&#x627;&#x644;&#x625;&#x636;&#x627;&#x641;&#x629; &#x625;&#x644;&#x649; &#x62A;&#x642;&#x62F;&#x64A;&#x645; &#x62A;&#x642;&#x64A;&#x64A;&#x645; "&#x644;&#x644;&#x646;&#x638;&#x627;&#x645;  &#x627;&#x644;&#x623;&#x64A;&#x643;&#x648;&#x644;&#x648;&#x62C;&#x64A;" &#x627;&#x644;&#x645;&#x624;&#x62B;&#x631; &#x641;&#x64A; &#x643;&#x641;&#x627;&#x621;&#x629; &#x648; &#x62A;&#x637;&#x648;&#x631; &#x62A;&#x644;&#x643; &#x627;&#x644;&#x627;&#x628;&#x62A;&#x643;&#x627;&#x631;&#x627;&#x62A;&#x60C; &#x645;&#x645;&#x627; &#x633;&#x64A;&#x62E;&#x62F;&#x645; &#x639;&#x645;&#x644;&#x64A;&#x629; &#x627;&#x644;&#x62A;&#x637;&#x648;&#x64A;&#x631; &#x648;&#x635;&#x646;&#x639; &#x627;&#x644;&#x642;&#x631;&#x627;&#x631; &#x641;&#x64A; &#x627;&#x644;&#x645;&#x62C;&#x627;&#x644; &#x633;&#x627;&#x628;&#x642; &#x627;&#x644;&#x630;&#x643;&#x631;&#x60C; &#x648; &#x630;&#x644;&#x643; &#x628;&#x627;&#x633;&#x62A;&#x62E;&#x62F;&#x627;&#x645; &#x627;&#x644;&#x645;&#x646;&#x647;&#x62C; &#x627;&#x644;&#x648;&#x635;&#x641;&#x64A; &#x644;&#x644;&#x645;&#x642;&#x627;&#x631;&#x646;&#x629; &#x628;&#x64A;&#x646; &#x627;&#x644;&#x62A;&#x62C;&#x631;&#x628;&#x629; &#x627;&#x644;&#x623;&#x631;&#x648;&#x628;&#x64A;&#x629; &#x648; &#x627;&#x644;&#x62A;&#x62C;&#x631;&#x628;&#x629; &#x627;&#x644;&#x645;&#x635;&#x631;&#x64A;&#x629;&#x60C; &#x628;&#x627;&#x644;&#x625;&#x636;&#x627;&#x641;&#x629; &#x625;&#x644;&#x649; &#x627;&#x633;&#x62A;&#x62E;&#x62F;&#x627;&#x645; &#x627;&#x644;&#x627;&#x633;&#x62A;&#x628;&#x64A;&#x627;&#x646;&#x627;&#x62A; &#x648; &#x627;&#x644;&#x645;&#x642;&#x627;&#x628;&#x644;&#x627;&#x62A; &#x627;&#x644;&#x634;&#x62E;&#x635;&#x64A;&#x629; &#x644;&#x644;&#x62A;&#x639;&#x631;&#x641; &#x639;&#x644;&#x649; &#x623;&#x647;&#x645;&#x64A;&#x629; &#x648; &#x62F;&#x648;&#x631; &#x62A;&#x644;&#x643; &#x627;&#x644;&#x627;&#x628;&#x62A;&#x643;&#x627;&#x631;&#x627;&#x62A; ( &#x627;&#x644;&#x62A;&#x643;&#x646;&#x648;&#x644;&#x648;&#x62C;&#x64A;&#x627; &#x627;&#x644;&#x645;&#x627;&#x644;&#x64A;&#x629;) &#x639;&#x644;&#x649; &#x627;&#x644;&#x627;&#x642;&#x62A;&#x635;&#x627;&#x62F; &#x627;&#x644;&#x645;&#x635;&#x631;&#x64A;.   </subfield>
  </datafield>
  <datafield tag="530" ind1=" " ind2=" ">
    <subfield code="a">Issues also as CD.</subfield>
  </datafield>
  <datafield tag="546" ind1=" " ind2=" ">
    <subfield code="a">Text in English and abstract in Arabic &amp; English.</subfield>
  </datafield>
  <datafield tag="650" ind1=" " ind2="0">
    <subfield code="a">Economics</subfield>
  </datafield>
  <datafield tag="650" ind1=" " ind2="0">
    <subfield code="a">&#x627;&#x644;&#x623;&#x642;&#x62A;&#x635;&#x627;&#x62F; </subfield>
  </datafield>
  <datafield tag="653" ind1=" " ind2="1">
    <subfield code="a">The impact of ICT Innovation on the Egyptian Economy</subfield>
    <subfield code="a">AI-Cloud Computing</subfield>
    <subfield code="a">Fintech</subfield>
  </datafield>
  <datafield tag="700" ind1="0" ind2=" ">
    <subfield code="a">Adla Ragab</subfield>
    <subfield code="e">thesis advisor.</subfield>
  </datafield>
  <datafield tag="900" ind1=" " ind2=" ">
    <subfield code="b">01-01-2023</subfield>
    <subfield code="c">Adla Ragab</subfield>
    <subfield code="U">Cairo University</subfield>
    <subfield code="F">Faculty of Economics &amp; Political Science </subfield>
    <subfield code="D">Department of Economic</subfield>
  </datafield>
  <datafield tag="905" ind1=" " ind2=" ">
    <subfield code="a">Shimaa</subfield>
    <subfield code="e">Eman Ghareb</subfield>
  </datafield>
  <datafield tag="942" ind1=" " ind2=" ">
    <subfield code="2">ddc</subfield>
    <subfield code="c">TH</subfield>
    <subfield code="e">21</subfield>
    <subfield code="n">0</subfield>
  </datafield>
  <datafield tag="999" ind1=" " ind2=" ">
    <subfield code="c">178771</subfield>
  </datafield>
  <datafield tag="952" ind1=" " ind2=" ">
    <subfield code="2">ddc</subfield>
    <subfield code="9">315328</subfield>
    <subfield code="a">CUCL</subfield>
    <subfield code="b">cl210</subfield>
    <subfield code="d">2026-02-28</subfield>
    <subfield code="i">93465</subfield>
    <subfield code="o">Cai01.03.02.M.Sc.2023.Ma.I</subfield>
    <subfield code="p">01010110093465000</subfield>
    <subfield code="r">2026-02-28 12:22:18</subfield>
    <subfield code="w">2026-02-28</subfield>
    <subfield code="y">TH</subfield>
  </datafield>
</record>
